1969 1106 1344 1828 1708 1640 1459 1747 1387 1468 1470 1964 1694 1857 1826 1811 1597 1056 1877 1638 1152 1466 1680 1122 1530 1672 1714 1999 1116 1094 1904 1737 1824 1442 1677 1285 1357 1439 1964 1102 1152 1494 1410 1274 1347 1469 1274 1752 1999 1798 1273 1503 1833 1666 1504 1290 1544 1523 1276 1482 1165 1874 1157 1537 1819 1830 1417 1722 1274 1046 1157 1435 1120 1656 1755 1019 1089 1359 1519 1401 1231 1429 1563 1899 1540 1616 1281 1399 1009 1798 1193 1684 1711 1529 1940 1567 1160 1819 1148 BCNSPRNW ULIB Ver.6.0+V

เปลี่ยนเป็นภาษาไทย

Change to English
 แสดงรายละเอียดบรรณานุกรม
  กลับหน้าหลัก

Brief Record : Get Marc (ISO 2709) : E-mail record : QR code < ปิดหน้าต่าง
LEADER : 00000nam 2200000uu 4500
001    13399114610
003     ULIB
008    120220s2555 th a 001 0 eng d
060 04 ^aW76^bต299
245 00 ^aต่างต่าง นานาในการแก้ปัญหากำลังคนด้านสุขภาพ /^cสำนักงานวิจัยและพัฒนากำลังคนด้านสุขภาพ ; บรรณาธิการ, นงลักษณ์ พะไกยะ, เพ็ญนภา หงษ์ทอง
250    ^aพิมพ์ครั้งที่ 1
260    ^aนนทบุรี :^bพรินแอทมี,^c2555
300    ^a168 หน้า :^bภาพประกอบ ;^c26 ซม.
500    ^aSend to Single Search
650  4 ^aกำลังคนด้านสาธารณสุข
700 0  ^aนงลักษณ์ พะไกยะ,^eบรรณาธิการ
700 0  ^aเพ็ญนภา หงษ์ทอง,^eบรรณาธิการ
710 2  ^aสำนักงานวิจัยและพัฒนากำลังคนด้านสุขภาพ
945    ^p0^l0^i031668
995    ^aเกษร
999 ^a ใช้งานได้ทุกระบบ
รายการนี้ยังไม่มีแท็ก
คุณยังไม่ได้ล็อกอิน คุณสามารถมีกิจกรรมร่วมกับเว็บไซต์ได้ แต่ต้องล็อกอินก่อน ::
  ล็อกอิน

รายการสื่อสารสนเทศ

ลำดับที่ ประเภท เลขเรียก/บาร์โค้ด สถานที่ สถานะ
1. วิทยาศาสตร์การแพทย์ และสุขภาพ
หนังสือสำรอง
สถานะ=หนังสือสำรอง
W76 ต299 ฉ.1 
  Barcode: 031668
ห้องสมุดวิทยาเขตสวรรค์ประชารักษ์
►ส่วนจัดเก็บหนังสือเก่า สปร
บนชั้น
  ขอยืม

รายการใกล้เคียง
    หัวเรื่อง [กำลังคนด้านสาธารณสุข]

BibComment


ยังไม่เคยถูกคอมเมนท์

คอมเมนท์ทรัพยากรรายการนี้
  คอมเมนท์: ต่างต่าง นานาในก..


 Copyright 2026. Bcnsprnw @Library